000 00638nam a22002177a 4500
005 20251108165321.0
008 250721s2000 xx 000 0 ara d
082 1 4 _a928.114603/عيد
100 1 _aعيد، يوسف
245 1 0 _aمعجم الحضارة الأندلسية /
264 1 _aبيروت :
_bدار الفكر العربي،
_c2000.
300 _a422ص
650 1 7 _aالتراجم
650 1 7 _aالشعر العربي
650 1 7 _aالشعراء العرب
650 1 7 _aالشعر الأندلسي
650 1 7 _aعلم المعاجم
700 1 _aفرحات، يوسف
942 _2ddc
_cBK
999 _c24914
_d24914